Vývoj integrácie v Európe

Historický vývoj integrácie v Európe. Vývin udalostí v Európe po druhej svetovej vojne. Vznik medzinárodných organizácií (GATT, OECD, Rada Európy, NATO, Západoeurópska únia, ESUO). Plány na modernizáciu a rozvoj. Monnetov plán. Európske integračné spoločenstvá (EHS, EURATOM, EZVO). Integračný proces...

Description complète

Enregistré dans:
Détails bibliographiques
Auteur principal: Nováčková, Daniela
Format: Chapitre de livre
Langue:slovaque
Sujets:
Tags: Ajouter un tag
Pas de tags, Soyez le premier à ajouter un tag!

MARC

LEADER 00000naa a2200000 4500
001 r026489
005 20230825080136.4
041 0 |a slo 
044 |a SK 
245 1 0 |a Vývoj integrácie v Európe  |c Daniela Nováčková 
520 |a Historický vývoj integrácie v Európe. Vývin udalostí v Európe po druhej svetovej vojne. Vznik medzinárodných organizácií (GATT, OECD, Rada Európy, NATO, Západoeurópska únia, ESUO). Plány na modernizáciu a rozvoj. Monnetov plán. Európske integračné spoločenstvá (EHS, EURATOM, EZVO). Integračný proces členských krajín Európskej únie. Jednotlivé stupne integrácie (pásmo voľného obchodu, colná únia, spoločný trh, hospodárska únia). 
610 2 0 |a integrácia ekonomická medzinárodná 
610 2 0 |a zoskupenia integračné medzinárodné 
610 2 0 |a Európa 
610 2 0 |a 1945-1995 
610 2 0 |a Európska únia 
100 1 |a Nováčková, Daniela